KAMUS sistem

Bibliographic Details
Other Authors: JAMALUDIN Othman
Format: Book
Language:English
Published: Kuala Lumpur Pustaka Sistem Pelajaran 1982
Subjects:
LEADER 00758cam a2200217 a 4500
001 0000039865
005 20100329090000.0
040 |a mod 
041 |a eng 
020 |a T000016336 
090 0 0 |a 499.23321  |b KAM 
245 0 0 |a KAMUS sistem  |c Jamaludin bin Othman...[et al.] 
260 |a Kuala Lumpur  |b Pustaka Sistem Pelajaran  |c 1982 
300 |a ix, 626p.  |b ill.  |c 22cm 
650 0 0 |a Malay language  |x Dictionaries  |x English 
650 0 0 |a English language  |x Dictionaries  |x Malay language 
700 1 |a JAMALUDIN Othman 
852 0 0 |a 01 
999 |a 0000012268  |b MTAT  |d BOOKS  |e Umum  |f MTAT  |j AVAILABLE  |q GOOD CONDITION 
999 |a 0064520  |b KEMENTAH  |d BOOKS  |e Rujukan  |f Perpustakaan KEMENTAH  |j AVAILABLE  |q OLD 
999 |a B000020598  |b 2 DIV  |d BOOKS  |e Rujukan  |f 2 DIV  |j AVAILABLE  |q GOOD CONDITION